000
00218 a2200097 4500
001
2267
100
_a
Casamassa, J V
245
_a
Jet aircraft power systems
260
_a
USA
_b
Mc Graw Hill
_c
1965
090
_c
1643
_d
1643
942
_a
NUST-CAE
_c
M
_c
7147
999
_c
237340
_d
237340